[Event "Alekhine"]
[Site "Quebec CAN"]
[Date "2016.09.26"]
[Round "3"]
[White "Beauchesne, Jonathan"]
[Black "Boulianne, Gabriel"]
[Result "1-0"]
[WhiteElo "1783"]
[BlackElo "1865"]
[PlyCount "87"]
[EventDate "2016.09.12"]
[EventType "swiss"]
[EventRounds "5"]
[EventCountry "CAN"]

1. e4 c5 2. Nf3 d6 3. g3 Nf6 4. d3 e5 5. Bg2 Be7 6. O-O O-O 7. a4 Nc6 8. Nbd2
Be6 9. Qe2 Bg4 10. c3 Qd7 11. Nc4 h6 12. Ne3 Be6 13. Nh4 Ng4 14. Nef5 Bxh4 15.
Qxg4 Bxf5 16. exf5 Bf6 17. Bxh6 Ne7 18. Bc1 Rab8 19. Bh3 Rfe8 20. Qh5 Nd5 21.
f4 exf4 22. Bxf4 Qe7 23. Bd2 Ne3 24. Rae1 Bg5 25. Rf3 f6 26. Bxe3 Bxe3+ 27.
Rfxe3 Qxe3+ 28. Rxe3 Rxe3 29. Qd1 Rbe8 30. Kf2 d5 31. Bg2 d4 32. cxd4 cxd4 33.
Bxb7 Kf8 34. Bd5 Rb8 35. Qc2 Ke8 36. Qc6+ Kd8 37. Qd6+ Kc8 38. Qc5+ Kd8 39.
Qxd4 Re5 40. Be6+ Kc7 41. Qxa7+ Rb7 42. Qd4 Kb8 43. a5 Reb5 44. b3 1-0

[Event "Alekhine"]
[Site "Quebec CAN"]
[Date "2016.09.29"]
[Round "3"]
[White "Glode, Martin"]
[Black "Garneau, Benoit"]
[Result "1/2-1/2"]
[WhiteElo "1870"]
[BlackElo "1795"]
[PlyCount "34"]
[EventDate "2016.09.12"]
[EventType "swiss"]
[EventRounds "5"]
[EventCountry "CAN"]

1. e4 c5 2. Nf3 g6 3. c3 d5 4. exd5 Qxd5 5. d4 Bg4 6. Be2 Bg7 7. h3 Bd7 8. Be3
cxd4 9. cxd4 Nf6 10. O-O Nc6 11. Nc3 Qa5 12. Bc4 e6 13. d5 exd5 14. Nxd5 Nxd5
15. Qxd5 Qxd5 16. Bxd5 O-O 17. Rad1 b6 1/2-1/2

[Event "Alekhine"]
[Site "Quebec CAN"]
[Date "2016.09.26"]
[Round "3"]
[White "Tremblay, Rejean"]
[Black "Cossette, Daniel"]
[Result "1-0"]
[WhiteElo "2223"]
[BlackElo "2078"]
[PlyCount "51"]
[EventDate "2016.09.12"]
[EventType "swiss"]
[EventRounds "5"]
[EventCountry "CAN"]

1. Nf3 d5 2. g3 c5 3. Bg2 Nc6 4. O-O Nf6 5. d3 e5 6. Nbd2 Be7 7. e4 dxe4 8.
dxe4 O-O 9. c3 Bg4 10. h3 Bh5 11. Qc2 Qc7 12. Nc4 Bg6 13. Nh4 Nd7 14. Nxg6 hxg6
15. a4 f5 16. exf5 gxf5 17. Bd5+ Kh8 18. Qe2 g6 19. Bxc6 Qxc6 20. Nxe5 Nxe5 21.
Qxe5+ Bf6 22. Qf4 Bg7 23. Be3 Rad8 24. Rad1 b6 25. Rxd8 Rxd8 26. Qh4+ 1-0

[Event "Alekhine"]
[Site "Quebec CAN"]
[Date "2016.09.26"]
[Round "3"]
[White "Tremblay-Alix, Eric"]
[Black "Bluteau, Yvon"]
[Result "0-1"]
[WhiteElo "1807"]
[BlackElo "1894"]
[PlyCount "98"]
[EventDate "2016.09.12"]
[EventType "swiss"]
[EventRounds "5"]
[EventCountry "CAN"]

1. c4 c5 2. Nf3 g6 3. d4 cxd4 4. Nxd4 Bg7 5. Nc3 Nf6 6. e3 O-O 7. Be2 Nc6 8.
O-O d6 9. a3 Bd7 10. b4 Rc8 11. Qb3 Qb6 12. Rd1 Ng4 13. Nd5 Qd8 14. Bb2 Nxd4
15. Bxd4 Bxd4 16. Rxd4 Ne5 17. b5 Be6 18. Rad1 Bxd5 19. cxd5 Rc5 20. f4 Nd7 21.
e4 Qb6 22. Qe3 Rfc8 23. Kf2 Rc2 24. Kf3 R8c3 25. R1d3 Qa5 26. Rxc3 Rxc3 27. Rd3
Rc5 28. Rb3 f6 29. Qd4 Qc7 30. Re3 b6 31. g4 Qc8 32. h4 Qf8 33. Kg3 h6 34. g5
hxg5 35. hxg5 Qg7 36. Bg4 Nf8 37. gxf6 exf6 38. Be2 g5 39. fxg5 Qxg5+ 40. Kf2
Ng6 41. Rf3 Kf7 42. Qe3 Qh4+ 43. Rg3 Ne5 44. Kg2 Rc2 45. Kg1 Rxe2 46. Qxe2
Qxg3+ 47. Kh1 Nf3 48. Qg2 Qe1+ 49. Qg1 Qxg1# 0-1

[Event "Alekhine"]
[Site "Quebec CAN"]
[Date "2016.10.08"]
[Round "4"]
[White "Beauchesne, Jonathan"]
[Black "Bahadi, Khalid"]
[Result "1-0"]
[WhiteElo "1783"]
[BlackElo "1887"]
[PlyCount "57"]
[EventDate "2016.09.12"]
[EventType "swiss"]
[EventRounds "5"]
[EventCountry "CAN"]

1. e4 e5 2. Nf3 Nc6 3. d4 exd4 4. Nxd4 Bc5 5. Nxc6 Qf6 6. Qf3 Qxc6 7. Bd3 Nf6
8. O-O O-O 9. Nc3 Re8 10. Re1 Bd4 11. Nb5 Be5 12. Bf4 d6 13. Bxe5 Rxe5 14. Nc3
Bg4 15. Qg3 Rae8 16. Kh1 Qd7 17. f4 R5e7 18. h3 Bh5 19. Qh4 h6 20. e5 dxe5 21.
f5 Qd4 22. Ne4 Nxe4 23. Bxe4 g6 24. g4 Bxg4 25. hxg4 Kh7 26. Rad1 Qxb2 27. f6
Re6 28. Rd7 Rf8 29. g5 1-0

[Event "Alekhine"]
[Site "Quebec CAN"]
[Date "2016.10.08"]
[Round "4"]
[White "Bluteau, Yvon"]
[Black "Tremblay, Rejean"]
[Result "0-1"]
[WhiteElo "1894"]
[BlackElo "2223"]
[PlyCount "67"]
[EventDate "2016.09.12"]
[EventType "swiss"]
[EventRounds "5"]
[EventCountry "CAN"]

1. d4 Nf6 2. c4 g6 3. g3 Bg7 4. Bg2 O-O 5. e4 d6 6. Nc3 c5 7. d5 e6 8. Nge2
exd5 9. exd5 a6 10. O-O Nbd7 11. Bf4 Qc7 12. Qd2 Re8 13. Rae1 Rb8 14. a4 Ne5
15. Bxe5 Rxe5 16. Nf4 Bh6 17. Rxe5 dxe5 18. Ne6 Bxd2 19. Nxc7 Bg4 20. h3 Bd7
21. a5 b6 22. Nxa6 Ra8 23. Nc7 Rxa5 24. Rd1 Bxc3 25. bxc3 Ra3 26. Rc1 Rb3 27.
Kf1 Rb2 28. Ke1 e4 29. Kf1 h5 30. Na6 Ba4 31. d6 Rd2 32. Rb1 Rxd6 33. Ke1 Bc2
34. Nc7 0-1

[Event "Alekhine"]
[Site "Quebec CAN"]
[Date "2016.10.08"]
[Round "4"]
[White "Boissinot, Claude"]
[Black "Boulianne, Gabriel"]
[Result "0-1"]
[WhiteElo "1502"]
[BlackElo "1865"]
[PlyCount "114"]
[EventDate "2016.09.12"]
[EventType "swiss"]
[EventRounds "5"]
[EventCountry "CAN"]

1. e4 c5 2. d4 cxd4 3. c3 dxc3 4. Nxc3 e6 5. Nf3 Bb4 6. Bc4 a6 7. a4 Qa5 8. Bd2
Nc6 9. O-O Nf6 10. Qe2 O-O 11. e5 Ng4 12. Rfe1 Qc5 13. Bd3 Nd4 14. Nxd4 Qxd4
15. Ne4 Bxd2 16. Qxd2 Nxe5 17. Re3 Nxd3 18. Rxd3 Qxe4 19. Re1 Qf5 20. Rg3 Qf6
21. Ree3 g6 22. Ref3 Qg7 23. h4 h6 24. h5 g5 25. Rc3 b5 26. axb5 axb5 27. Rc5
d5 28. f4 f6 29. Qc2 f5 30. fxg5 hxg5 31. Rc7 Qd4+ 32. Kh2 Qf4 33. Qc3 d4 34.
Qc6 Ra6 35. Qc5 Qd6 36. Rxc8 Qxc5 37. Rxg5+ Kh7 38. Rxc5 Kh6 39. Rg6+ Kxh5 40.
Rg7 Rd6 41. Rcc7 d3 42. Rg3 Kh6 43. Rc1 d2 44. Rd1 Rc8 45. Rc3 Rxc3 46. bxc3
Rd3 47. Kg1 e5 48. Kf2 e4 49. Ke2 Kg5 50. Rxd2 Rxd2+ 51. Kxd2 f4 52. Ke2 Kg4
53. Kf2 Kf5 54. Ke2 Ke5 55. Kf2 Kd5 56. Ke2 Kc4 57. Kd2 Kb3 0-1

[Event "Alekhine"]
[Site "Quebec CAN"]
[Date "2016.10.08"]
[Round "4"]
[White "Garneau, Benoit"]
[Black "Tremblay-Alix, Eric"]
[Result "0-1"]
[WhiteElo "1795"]
[BlackElo "1807"]
[PlyCount "64"]
[EventDate "2016.09.12"]
[EventType "swiss"]
[EventRounds "5"]
[EventCountry "CAN"]

1. e4 d6 2. d4 Nf6 3. Nc3 e5 4. dxe5 dxe5 5. Qxd8+ Kxd8 6. Bc4 Be6 7. Bxe6 fxe6
8. Bg5 Bb4 9. O-O-O+ Nbd7 10. Nge2 h6 11. Bh4 c6 12. Bg3 Kc7 13. Rd3 Nh5 14.
Rhd1 Rad8 15. a3 Be7 16. b4 Rhf8 17. Kb2 Nf4 18. Bxf4 exf4 19. Nd4 Rf6 20. Nf3
g5 21. h3 e5 22. Kb3 Re6 23. Nh2 a5 24. f3 h5 25. R3d2 axb4 26. axb4 Rg6 27.
Na4 b5 28. Nb2 c5 29. Ra1 Rb6 30. c3 Rb7 31. Rad1 Ra7 32. Rc2 c4+ 0-1

[Event "Alekhine"]
[Site "Quebec CAN"]
[Date "2016.10.08"]
[Round "4"]
[White "Leblanc-Legault, Mathieu"]
[Black "Glode, Martin"]
[Result "0-1"]
[WhiteElo "1695"]
[BlackElo "1870"]
[PlyCount "112"]
[EventDate "2016.09.12"]
[EventType "swiss"]
[EventRounds "5"]
[EventCountry "CAN"]

1. Nf3 d5 2. d4 Nf6 3. e3 c5 4. Be2 Bg4 5. Nbd2 Nc6 6. h3 Bf5 7. a3 cxd4 8.
exd4 Qc7 9. O-O e6 10. c3 h6 11. Ne1 Bd6 12. Ndf3 O-O 13. Bd3 Bxd3 14. Nxd3 b5
15. Be3 a5 16. Qc1 Kh7 17. Bf4 Bxf4 18. Qxf4 Qxf4 19. Nxf4 Ne4 20. Rfd1 Nd6 21.
Nd3 Nc4 22. b3 Nb6 23. Nc5 a4 24. b4 Nc4 25. Ra2 Ra7 26. Nd2 Nd6 27. f4 g6 28.
Kf2 Re7 29. Re1 Kg7 30. Nf3 Nd8 31. g4 Rfe8 32. h4 N8b7 33. Nxb7 Ne4+ 34. Ke3
Rxb7 35. c4 bxc4 36. Nd2 Nc3 37. Rc2 Nb5 38. Ra1 f6 39. Nf3 Rc7 40. g5 Nd6 41.
Rh1 Nf5+ 42. Kd2 Ng3 43. Re1 Ne4+ 44. Rxe4 dxe4 45. gxf6+ Kxf6 46. Ne5 Kf5 47.
Ke3 c3 48. Kf2 Rd8 49. Ke3 Rd5 50. h5 gxh5 51. Rh2 c2 52. Rxh5+ Kf6 53. Rxh6+
Kg7 54. Rxe6 c1=Q+ 55. Kxe4 Qh1+ 56. Kf5 Qh3+ 0-1

[Event "Alekhine"]
[Site "Quebec CAN"]
[Date "2016.10.17"]
[Round "5"]
[White "Boulianne, Gabriel"]
[Black "Potvin, Alain-Nicolas"]
[Result "1-0"]
[WhiteElo "1865"]
[BlackElo "1799"]
[PlyCount "43"]
[EventDate "2016.09.12"]
[EventType "swiss"]
[EventRounds "5"]
[EventCountry "CAN"]

1. e4 d6 2. d4 Nf6 3. f3 g6 4. Nc3 Bg7 5. Be3 O-O 6. Qd2 e5 7. dxe5 dxe5 8.
O-O-O Qe7 9. Nd5 Nxd5 10. Qxd5 Nc6 11. Bc5 Qg5+ 12. Qd2 Qxd2+ 13. Rxd2 Re8 14.
Be3 a6 15. Bc4 b5 16. Bd5 Bb7 17. Ne2 Rad8 18. Rhd1 Na5 19. Bxf7+ Kxf7 20. Rxd8
Nc4 21. Bg5 Nd6 22. Rd7+ 1-0

[Event "Alekhine"]
[Site "Quebec CAN"]
[Date "2016.10.17"]
[Round "5"]
[White "Cossette, Daniel"]
[Black "Bluteau, Yvon"]
[Result "1-0"]
[WhiteElo "2078"]
[BlackElo "1894"]
[PlyCount "93"]
[EventDate "2016.09.12"]
[EventType "swiss"]
[EventRounds "5"]
[EventCountry "CAN"]

1. e4 b6 2. d4 Bb7 3. Bd3 e6 4. Nf3 c5 5. O-O Nf6 6. Re1 cxd4 7. Nxd4 Nc6 8.
Be3 Be7 9. Nd2 Nb4 10. e5 Nfd5 11. Qg4 Kf8 12. Be4 Nxe3 13. Rxe3 Bxe4 14. Nxe4
h5 15. Qf3 Rh6 16. a3 Nd5 17. Rd3 Rc8 18. Nc3 Nxc3 19. Rxc3 h4 20. Rd1 Qe8 21.
Nb5 Kg8 22. Qb7 Rxc3 23. bxc3 Rg6 24. Rxd7 Bc5 25. Nxa7 Qf8 26. Nc6 Bxf2+ 27.
Kf1 Kh7 28. Ne7 Bc5 29. Nxg6 fxg6+ 30. Rf7 Qg8 31. a4 Kh6 32. Qd7 h3 33. gxh3
Qa8 34. Qd2+ Kh7 35. Qf4 Qa6+ 36. Ke1 Qa8 37. Rd7 Qh1+ 38. Ke2 Qg2+ 39. Kd3
Qxh3+ 40. Kc4 Qg2 41. Qh4+ Kg8 42. Rd8+ Bf8 43. Qf4 Qc6+ 44. Kd3 Qc5 45. Rxf8+
Qxf8 46. Qxf8+ Kxf8 47. Kc4 1-0

[Event "Alekhine"]
[Site "Quebec CAN"]
[Date "2016.10.17"]
[Round "5"]
[White "Tremblay, Rejean"]
[Black "Beauchesne, Jonathan"]
[Result "1-0"]
[WhiteElo "2223"]
[BlackElo "1783"]
[PlyCount "63"]
[EventDate "2016.09.12"]
[EventType "swiss"]
[EventRounds "5"]
[EventCountry "CAN"]

1. d4 Nf6 2. c4 g6 3. Nc3 Bg7 4. e4 d6 5. Be2 O-O 6. Nf3 Nbd7 7. O-O e5 8. Re1
c6 9. Rb1 a5 10. h3 exd4 11. Nxd4 Nc5 12. Bf3 a4 13. b3 axb3 14. axb3 Re8 15.
Bf4 Nh5 16. Be3 Ne6 17. Bxh5 gxh5 18. Qd2 Qf6 19. Nxe6 Rxe6 20. Na4 Qg6 21. Nb6
Rb8 22. Bf4 Be5 23. Bxe5 Rxe5 24. f4 Re8 25. f5 Bxf5 26. exf5 Qxf5 27. Rxe8+
Rxe8 28. Rf1 Qc5+ 29. Kh1 Qxb6 30. Qg5+ Kf8 31. Qf6 Qc7 32. Qh8+ 1-0

[Event "Alekhine"]
[Site "Quebec CAN"]
[Date "2016.10.17"]
[Round "5"]
[White "Tremblay-Alix, Eric"]
[Black "Glode, Martin"]
[Result "1/2-1/2"]
[WhiteElo "1807"]
[BlackElo "1870"]
[PlyCount "56"]
[EventDate "2016.09.12"]
[EventType "swiss"]
[EventRounds "5"]
[EventCountry "CAN"]

1. Nf3 d6 2. d4 f5 3. c4 Nf6 4. Nc3 e6 5. Bg5 Be7 6. Bxf6 Bxf6 7. Qc2 O-O 8.
Rd1 Qe8 9. Nb5 Qe7 10. c5 Nc6 11. e3 a6 12. Na3 dxc5 13. dxc5 e5 14. Bc4+ Kh8
15. Bb3 e4 16. Nd4 Nb4 17. Qc3 Nd3+ 18. Rxd3 exd3 19. O-O Bd7 20. Rc1 Qe4 21.
Nc4 Bxd4 22. exd4 Rae8 23. Ne5 Rxe5 24. dxe5 Bc6 25. f3 Qe3+ 26. Kh1 Bxf3 27.
gxf3 Qxf3+ 28. Kg1 Qe3+ 1/2-1/2

[Event "Anatoli Karpov"]
[Site "Trois-Rivieres CAN"]
[Date "2016.03.07"]
[Round "2"]
[White "Mercure, Gilbert"]
[Black "Lemyre, Jasmin"]
[Result "1-0"]
[WhiteElo "1735"]
[BlackElo "1206"]
[PlyCount "147"]
[EventDate "2016.02.29"]
[EventType "swiss"]
[EventRounds "6"]
[EventCountry "CAN"]

1. e4 c5 2. d4 cxd4 3. c3 e5 4. Bc4 Nf6 5. Qb3 Qe7 6. Bg5 Nc6 7. Nd2 Na5 8. Qc2
Nxc4 9. Nxc4 b5 10. Nd2 Qd8 11. Ngf3 d6 12. cxd4 Be7 13. dxe5 dxe5 14. O-O Nd7
15. Qc6 Rb8 16. Bxe7 Qxe7 17. Nb3 O-O 18. Rad1 Rb6 19. Qc7 Rb7 20. Qd6 Re8 21.
Qxe7 Rxe7 22. Nc5 Rc7 23. b4 Kf8 24. Rd5 Nxc5 25. Rxc5 Rxc5 26. bxc5 Bb7 27.
Re1 f6 28. Nd2 Rd7 29. Nb3 Bxe4 30. f4 Bc2 31. fxe5 Re7 32. Nd4 Ba4 33. e6 b4
34. Nf5 Rc7 35. e7+ Kf7 36. Nd6+ Kg6 37. e8=Q+ Bxe8 38. Rxe8 Rxc5 39. Re4 Rc1+
40. Kf2 Rc2+ 41. Re2 Rc6 42. Nb7 Rb6 43. Na5 Rb5 44. Nc4 a5 45. Re4 a4 46. Rg4+
Kh6 47. Rh4+ Kg6 48. Nd6 Rd5 49. Ne4 b3 50. axb3 axb3 51. Ke2 Ra5 52. Nc3 b2
53. Rb4 Re5+ 54. Kf3 Rf5+ 55. Ke3 Re5+ 56. Kd4 Rh5 57. Rxb2 Rxh2 58. Nd5 Kg5
59. Ke3 f5 60. Kf3 g6 61. Nf4 Kf6 62. Rb6+ Kg5 63. Rb1 Kf6 64. Nh3 Kg7 65. Kg3
Rxh3+ 66. gxh3 Kf6 67. h4 h6 68. Rb6+ Kf7 69. Kf4 Kg7 70. h5 g5+ 71. Kxf5 Kg8
72. Rb7 Kh8 73. Kg6 Kg8 74. Rb8# 1-0

[Event "Anatoli Karpov"]
[Site "Trois-Rivieres CAN"]
[Date "2016.03.14"]
[Round "3"]
[White "Labonte, Stephane"]
[Black "Mercure, Gilbert"]
[Result "0-1"]
[WhiteElo "1699"]
[BlackElo "1735"]
[PlyCount "102"]
[EventDate "2016.02.29"]
[EventType "swiss"]
[EventRounds "6"]
[EventCountry "CAN"]

1. g3 d5 2. Bg2 Nf6 3. d3 h6 4. Nf3 Nc6 5. O-O e5 6. Nbd2 Bf5 7. e4 dxe4 8. Nh4
Bg4 9. f3 Bc5+ 10. Kh1 exf3 11. Nhxf3 Qd7 12. Ne4 Nxe4 13. dxe4 Qxd1 14. Rxd1
Nd4 15. Rf1 Bxf3 16. Bxf3 Nxc2 17. Rb1 Nd4 18. b4 Bd6 19. Bg2 b5 20. Be3 Nc2
21. Bd2 Na3 22. Rb3 Nc4 23. Be1 Rb8 24. g4 c5 25. Rbf3 f6 26. a3 cxb4 27. axb4
Ke7 28. Bc3 Ra8 29. Ra1 a5 30. bxa5 b4 31. Bf1 Nxa5 32. Be1 Nc6 33. Rc1 Rhc8
34. Bh3 Nd4 35. Rxc8 Rxc8 36. Rf1 Rc2 37. Bxb4 Bxb4 38. Rb1 Bd6 39. Bg2 Ne2 40.
Rb7+ Ke6 41. Bf3 Nf4 42. h4 Rf2 43. Rb3 Bc5 44. g5 Rf1+ 45. Kh2 Bg1+ 46. Kg3
Bf2+ 47. Kh2 Bxh4 48. Bg4+ Kd6 49. gxh6 gxh6 50. Rb6+ Kc5 51. Rxf6 Bxf6 0-1

[Event "Anatoli Karpov"]
[Site "Trois-Rivieres CAN"]
[Date "2016.03.14"]
[Round "3"]
[White "Lemyre, Jasmin"]
[Black "Lacombe, Gaetan"]
[Result "1-0"]
[WhiteElo "1206"]
[BlackElo "1602"]
[PlyCount "61"]
[EventDate "2016.02.29"]
[EventType "swiss"]
[EventRounds "6"]
[EventCountry "CAN"]

1. e4 e6 2. d4 d5 3. exd5 exd5 4. Nf3 Bf5 5. Be2 Nf6 6. O-O Bd6 7. Bg5 O-O 8.
Nc3 c6 9. Bd3 Bxd3 10. Qxd3 Nbd7 11. Rfe1 Qc7 12. Ne5 Nxe5 13. dxe5 Bxe5 14.
Bxf6 Bxf6 15. Re3 d4 16. Rh3 g6 17. Ne4 Bg7 18. Ng5 h6 19. Nf3 c5 20. Qd2 h5
21. Qg5 Rfe8 22. g4 hxg4 23. Qxg4 Qe7 24. Ng5 Qe2 25. Qh4 Qh5 26. Qf4 Qxh3 27.
Qxf7+ Kh8 28. Nxh3 Bh6 29. Qf6+ Kh7 30. Ng5+ Kg8 31. Qf7+ 1-0

[Event "Anatoli Karpov"]
[Site "Trois-Rivieres CAN"]
[Date "2016.04.04"]
[Round "5"]
[White "Tessier, Simon"]
[Black "Lemyre, Jasmin"]
[Result "1-0"]
[WhiteElo "1398"]
[BlackElo "1206"]
[PlyCount "69"]
[EventDate "2016.02.29"]
[EventType "swiss"]
[EventRounds "6"]
[EventCountry "CAN"]

1. e4 c5 2. c3 Nc6 3. Nf3 d6 4. d4 cxd4 5. cxd4 Nf6 6. Nc3 e6 7. Bf4 Be7 8. Bc4
Nxe4 9. Nxe4 d5 10. Bd3 dxe4 11. Bxe4 Bb4+ 12. Bd2 Bxd2+ 13. Qxd2 Bd7 14. O-O
O-O 15. Rac1 Rb8 16. Ng5 f5 17. Bf3 Qf6 18. d5 Ne5 19. Be2 Rbd8 20. f4 Nf7 21.
Nxf7 Rxf7 22. b3 Bc6 23. Qe3 Rxd5 24. Qxa7 Qg6 25. Bf3 Rd2 26. Bxc6 bxc6 27.
Qa8+ Rf8 28. Qxc6 Rxa2 29. Rfe1 Rb2 30. Rxe6 Rf6 31. Re8+ Rf8 32. Qd5+ Qf7 33.
Rxf8+ Kxf8 34. Rc8+ Ke7 35. Rc7+ 1-0

[Event "Anatoli Karpov"]
[Site "Trois-Rivieres CAN"]
[Date "2016.04.11"]
[Round "6"]
[White "Dallaire, Michel"]
[Black "Mercure, Gilbert"]
[Result "0-1"]
[WhiteElo "1499"]
[BlackElo "1735"]
[PlyCount "68"]
[EventDate "2016.02.29"]
[EventType "swiss"]
[EventRounds "6"]
[EventCountry "CAN"]

1. Nf3 d5 2. g3 Nc6 3. d4 Bf5 4. a3 Nf6 5. Bg2 Qd7 6. h4 e6 7. b3 Bd6 8. Bb2
Ne4 9. Ne5 Nxe5 10. dxe5 Bc5 11. Bd4 Bxd4 12. Qxd4 c5 13. Qd1 Qc7 14. Bxe4 Bxe4
15. f3 Qxe5 16. Kf2 Bxf3 17. exf3 Qxa1 18. Qe2 Qd4+ 19. Kg2 O-O 20. c3 Qf6 21.
Qb5 b6 22. Re1 e5 23. Qd3 Rfd8 24. Qe2 Re8 25. Qd3 Rad8 26. Qe2 e4 27. f4 d4
28. cxd4 cxd4 29. Nd2 e3 30. Nc4 b5 31. Ne5 Rxe5 32. fxe5 Qxe5 33. Rd1 d3 34.
Qf3 e2 0-1

[Event "Annex CC August Swiss"]
[Site "Toronto CAN"]
[Date "2016.08.08"]
[Round "1"]
[White "Malakhovets, Sergey"]
[Black "Stefanovic, Miroslav"]
[Result "0-1"]
[WhiteElo "2064"]
[BlackElo "2202"]
[PlyCount "72"]
[EventDate "2016.08.08"]
[EventType "swiss"]
[EventRounds "5"]
[EventCountry "CAN"]

1. c4 e5 2. g3 Nf6 3. Bg2 Nc6 4. Nc3 Bb4 5. Nd5 Bc5 6. e3 d6 7. Ne2 Bg4 8. h3
Bh5 9. O-O O-O 10. a3 Nxd5 11. cxd5 Ne7 12. g4 Bg6 13. d4 Bb6 14. e4 c6 15.
dxc6 Nxc6 16. Be3 Re8 17. d5 Nd4 18. Bxd4 exd4 19. Ng3 Rc8 20. Qd2 Qh4 21. Kh2
h5 22. gxh5 Bxh5 23. Nxh5 Qxh5 24. f4 Rc7 25. Rac1 Rce7 26. Bf3 Qh4 27. Rg1 f5
28. e5 dxe5 29. d6 Rd7 30. Bd5+ Kh8 31. fxe5 Rxe5 32. Rc8+ Bd8 33. Qg2 g5 34.
Bc4 Re3 35. Rd1 g4 36. Rd3 g3+ 0-1

[Event "Annex CC August Swiss"]
[Site "Toronto CAN"]
[Date "2016.08.22"]
[Round "3"]
[White "Pei, Eric"]
[Black "Ma, Yue Ran"]
[Result "1-0"]
[WhiteElo "1137"]
[BlackElo "1139"]
[PlyCount "35"]
[EventDate "2016.08.08"]
[EventType "swiss"]
[EventRounds "5"]
[EventCountry "CAN"]

1. e4 c5 2. Nf3 e6 3. c3 Nf6 4. e5 Nd5 5. d4 Nc6 6. Bc4 d6 7. O-O Nb6 8. Bb5 d5
9. Bd3 Be7 10. h3 O-O 11. dxc5 Bxc5 12. Bxh7+ Kxh7 13. Ng5+ Kg8 14. Qh5 Re8 15.
Qxf7+ Kh8 16. Qh5+ Kg8 17. Qh7+ Kf8 18. Qh8+ 1-0

[Event "Annex CC Back to the Grind"]
[Site "Toronto CAN"]
[Date "2016.09.19"]
[Round "1"]
[White "Li, William"]
[Black "Yu, Jonathan"]
[Result "1-0"]
[WhiteElo "2126"]
[BlackElo "2223"]
[PlyCount "49"]
[EventDate "2016.09.19"]
[EventType "swiss"]
[EventRounds "5"]
[EventCountry "CAN"]

1. e4 e6 2. d4 c5 3. Nf3 d5 4. exd5 exd5 5. Bb5+ Bd7 6. Bxd7+ Nxd7 7. O-O Ngf6
8. Bg5 Be7 9. dxc5 Nxc5 10. Nc3 O-O 11. Re1 h6 12. Bh4 Rc8 13. Rxe7 Qxe7 14.
Nxd5 Qd8 15. Bxf6 gxf6 16. Qd4 Rc6 17. Re1 Kh8 18. c4 a5 19. Qe3 f5 20. Ne5 f4
21. Qc3 f6 22. Nxc6 bxc6 23. Nxf4 Rf7 24. Qh3 Rh7 25. Qh5 1-0

[Event "Annex CC Back to the Grind"]
[Site "Toronto CAN"]
[Date "2016.09.19"]
[Round "1"]
[White "Southam, David"]
[Black "Malakhovets, Sergey"]
[Result "1-0"]
[WhiteElo "2212"]
[BlackElo "2040"]
[PlyCount "101"]
[EventDate "2016.09.19"]
[EventType "swiss"]
[EventRounds "5"]
[EventCountry "CAN"]

1. d4 d5 2. Nf3 Nf6 3. c4 c6 4. e3 a6 5. Bd3 b5 6. b3 Bg4 7. Nbd2 e6 8. Qc2
Bxf3 9. Nxf3 Bb4+ 10. Ke2 Nbd7 11. Rd1 O-O 12. Bb2 Bd6 13. Kf1 Qe7 14. Kg1 e5
15. dxe5 Nxe5 16. Nxe5 Bxe5 17. Bxe5 Qxe5 18. cxd5 cxd5 19. Bf5 Ra7 20. Rac1 g6
21. Bh3 Ne4 22. g3 f5 23. Qc6 Rd8 24. Bg2 Qd6 25. Qc2 b4 26. Bxe4 fxe4 27. Qc5
Rad7 28. Rd4 Rb8 29. Qxd6 Rxd6 30. Rc5 Kf7 31. Rcxd5 Rxd5 32. Rxd5 Ke6 33. Rc5
Rb6 34. Kg2 Kd6 35. Rc4 Kd5 36. g4 g5 37. Kg3 a5 38. Rc7 a4 39. Rc4 axb3 40.
axb3 h6 41. h3 Ke5 42. Rd4 Rb7 43. Rd8 Rb6 44. Rf8 Ke6 45. Rf5 Rb7 46. Ra5 Rb6
47. h4 gxh4+ 48. Kxh4 Kf6 49. Kg3 Kg6 50. Re5 Rb7 51. Rxe4 1-0

[Event "Annex CC Back to the Grind"]
[Site "Toronto CAN"]
[Date "2016.09.26"]
[Round "2"]
[White "Mendoza, Armand Jess"]
[Black "Humphreys, Michael"]
[Result "0-1"]
[WhiteElo "1986"]
[BlackElo "2332"]
[PlyCount "76"]
[EventDate "2016.09.19"]
[EventType "swiss"]
[EventRounds "5"]
[EventCountry "CAN"]

1. e4 e5 2. Nf3 Nc6 3. Bc4 Nf6 4. Ng5 d5 5. exd5 Na5 6. d3 h6 7. Nf3 e4 8. Qe2
Nxc4 9. dxc4 Bd6 10. Nfd2 O-O 11. Nc3 Re8 12. Nf1 Bg4 13. Qe3 Bf3 14. h3 b6 15.
Rg1 Qd7 16. Ne2 Bc5 17. Qc3 a5 18. Bd2 e3 19. fxe3 Bxe2 20. Kxe2 Ne4 21. Qd3
Qf5 22. Be1 Qh5+ 23. g4 Qxh3 24. Kd1 c6 25. Kc1 Rad8 26. a3 b5 27. Bxa5 bxc4
28. Qe2 Rxd5 29. Kb1 c3 30. b3 Bxe3 31. Nxe3 Rxa5 32. Ka2 Nf6 33. Rae1 Nd5 34.
b4 Nxb4+ 35. Kb3 Nd5 36. Qg2 Rb5+ 37. Ka2 Rb2+ 38. Ka1 Nxe3 0-1

[Event "Annex CC Back to the Grind"]
[Site "Toronto CAN"]
[Date "2016.09.26"]
[Round "2.3"]
[White "Bharath, Ramesh"]
[Black "Li, William"]
[Result "0-1"]
[WhiteElo "1632"]
[BlackElo "2085"]
[PlyCount "58"]
[EventDate "2016.09.19"]
[EventType "swiss"]
[EventRounds "5"]
[EventCountry "CAN"]

1. e4 c5 2. c3 d5 3. exd5 Qxd5 4. d4 Nc6 5. Nf3 Bf5 6. Be2 cxd4 7. cxd4 Bxb1 8.
Rxb1 e6 9. O-O Bd6 10. b3 b5 11. Re1 Nf6 12. Bd3 h6 13. Bb2 O-O 14. Nd2 Bb4 15.
Re3 Bxd2 16. Qxd2 Rfd8 17. Rd1 Rac8 18. Rg3 Nh5 19. Re3 Nxd4 20. Be4 Nf3+ 21.
Bxf3 Qxd2 22. Rxd2 Rxd2 23. Bxh5 Rxb2 24. h3 Rxa2 25. Be2 Rc1+ 26. Kh2 Re1 27.
Bxb5 Rxe3 28. fxe3 Ra5 29. Bc4 Re5 0-1

[Event "Annex CC Back to the Grind"]
[Site "Toronto CAN"]
[Date "2016.10.04"]
[Round "3.1"]
[White "Calvelo, Jelvis"]
[Black "Li, William"]
[Result "0-1"]
[WhiteElo "2199"]
[BlackElo "1985"]
[PlyCount "56"]
[EventDate "2016.09.19"]
[EventType "swiss"]
[EventRounds "5"]
[EventCountry "CAN"]

1. b3 e5 2. Bb2 Nc6 3. g3 d5 4. Bg2 Bc5 5. d3 Nf6 6. Nf3 O-O 7. O-O Qe7 8. Nxe5
Bxf2+ 9. Rxf2 Nxe5 10. Ba3 c5 11. d4 Neg4 12. Rf3 b6 13. dxc5 Qe5 14. Nc3 d4
15. cxb6 Bb7 16. Qd3 Bxf3 17. exf3 Rfd8 18. b7 Rab8 19. fxg4 dxc3 20. Qc4 Nd5
21. Rd1 Ne3 22. Rxd8+ Rxd8 23. Qc8 Qd4 24. Bc5 Qd1+ 25. Kf2 Nxg4+ 26. Qxg4 Qxg4
27. Bxa7 Qf5+ 28. Ke3 Re8+ 0-1

[Event "Annex CC Back to the Grind"]
[Site "Toronto CAN"]
[Date "2016.10.17"]
[Round "4.1"]
[White "Li, William"]
[Black "Southam, David"]
[Result "1/2-1/2"]
[WhiteElo "2082"]
[BlackElo "2212"]
[PlyCount "54"]
[EventDate "2016.09.19"]
[EventType "swiss"]
[EventRounds "5"]
[EventCountry "CAN"]

1. e4 e6 2. d4 d5 3. Nc3 Bb4 4. exd5 exd5 5. Bd3 Nc6 6. Nge2 Nge7 7. O-O Bf5 8.
Bxf5 Nxf5 9. Qd3 Qd7 10. Na4 O-O 11. Bf4 Rfe8 12. c3 Bd6 13. Bxd6 Nxd6 14. Nf4
Ne7 15. Nc5 Qg4 16. Qg3 Qxg3 17. hxg3 c6 18. Rfe1 Ng6 19. Nxg6 hxg6 20. a4 a5
21. f3 Rad8 22. Kf2 b6 23. Nd3 f6 24. b3 Kf7 25. g4 g5 26. Rxe8 Rxe8 27. Rc1 b5
1/2-1/2